Riconosci la Nazionale dai Trofei - Quiz n°1 - Statistics

Statistiche generali
  • Questo quiz è stato fatto 31 volte
  • Il punteggio medio è 5 su 15
Statistiche sulle risposte
Competizioni Nazionale % Corretto
Campionato mondiale: 1
2010
Campionato d'Europa: 3
1964, 2008, 2012
UEFA Nations League: 1 2022-2023
Spagna
100%
Campionato mondiale: 5
1958, 1962,1970, 1994, 2002
Confederations Cup: 4
1997, 2005, 2009, 2013
Coppa America: 9
1919, 1922, 1949, 1989, 1997, 1999, 2004, 2007, 2019
Brasile
88%
Coppa America: 2 2015, 2016 Cile
69%
Campionato d'Europa: 1 1988 Paesi Bassi
38%
Coppa America: 2 1953, 1979 Paraguay
35%
Coppa d'Asia: 1 2019 Qatar
35%
Coppa d'Asia: 3 1968, 1972, 1976 Iran
31%
Gold Cup: 7
1991, 2002, 2005, 2007, 2013, 2017, 2021
CONCACAF Nations League: 2
2019-2020, 2022-2023
Stati Uniti
27%
Campionato CONCACAF/Gold Cup: 2 1985, 2000 Canada
23%
Coppa d'Africa: 2 1990, 2019 Algeria
19%
Coppa d'Africa: 3 1980, 1994, 2013 Nigeria
19%
Coppa d'Africa: 1 2004 Tunisia
19%
Coppa d'Africa: 1 1972 Repubblica del Congo
12%
Coppa d'Asia: 1 1980 Kuwait
4%
Coppa d'Africa: 1 1962 Etiopia
0%
Nessun quiz corrispondente trovato
Distribuzione punteggi
Percentuale di utenti per punteggio
Percentile per numero di risposta
I tuoi punteggi nel tempo
Non hai fatto questo quiz